द फ़्रीडम मेनिफ़ेस्टो / (Record no. 206153)

MARC details
000 -LEADER
fixed length control field 00745nam a22001937a 4500
005 - DATE AND TIME OF LATEST TRANSACTION
control field 20241007163436.0
010 ## - LCCN (DPL NO)
LC control number HIN-128544
020 ## - INTERNATIONAL STANDARD BOOK NUMBER
International Standard Book Number 9789355438928
Terms of availability 350.00
035 ## - SYSTEM CONTROL NUMBER
System control number HN-100890
037 ## - SOURCE OF ACQUISITION
Source of stock number/acquisition DBAD
082 ## - DEWEY DECIMAL CLASSIFICATION NUMBER
Classification number 158.1
100 ## - MAIN ENTRY--PERSONAL NAME
Personal name बजाज,करण
245 ## - TITLE STATEMENT
Title द फ़्रीडम मेनिफ़ेस्टो /
Statement of responsibility, etc करण बजाज
260 ## - PUBLICATION, DISTRIBUTION, ETC. (IMPRINT)
Place of publication, distribution, etc उत्तर प्रदेश
Name of publisher, distributor, etc मंजुल पब्लिशिंग हाउस
Date of publication, distribution, etc 2024
270 ## - ADDRESS
Address सी-16, सेक्टर 3 , नोएडा
City उतर प्रदेश
Postal code 201301
300 ## - PHYSICAL DESCRIPTION
Extent 224 पृ.
Dimensions 20सेमी(अजिल्द)
700 ## - ADDED ENTRY--PERSONAL NAME
9 (RLIN) 72400
942 ## - ADDED ENTRY ELEMENTS (KOHA)
Source of classification or shelving scheme Dewey Decimal Classification
Item type Hindi Books
Classification part 158.1
Call number suffix बजाज
Holdings
Withdrawn status Lost status Not for loan Collection code Home library Current library Date acquired Source of acquisition Cost, normal purchase price Full call number Barcode Copy number Cost, replacement price Koha item type
      Non-fiction Kadipur Kadipur 07/10/2024 DBAD 350.00 158.1 बजाज HN-100890 1 350.00 Hindi Books

© Delhi Public Library
Hit Counter
free hit counter